000 00489nam a2200193Ia 4500
005 20240823050152.0
008 240823s9999||||xx |||||||||||||| ||und||
020 _a978-81-224-2163-7
041 _aENGLISH
082 _A624.151 P9
100 _aMaruthesha Reddy M T
245 2 _aA Textbook of Applied Engineering Geology
250 _a1st
260 _c2009
_bNew Age International (P
_aNew Delhi
500 _aYES
650 _aGeology
_bGeneral
942 _cBK
999 _c216631
_d216631